000 00619nam a2200193Ia 4500
008 090123s9999 xx 000 0 und d
082 _b5724
_a891.463/मेंगजी
100 _aमेंगजी अशोक
245 _aमायादेवी
250 _a0
260 _bप्रिया प्रकाशन
300 _a224
600 _aमेंगजी अशोक
630 _aमायादेवी
700 _aमेंगजी अशोक
700 _aकाकडे दत्तात्रय सदाशिव
730 _aमायादेवी
942 _cBOOK
999 _c43789
_d43789